Les mois de l'année en anglais - Statistiques

Statistiques générales
  • Ce quiz a été pris 483 fois
  • Le résultat moyen est 10 sur 12
Statistiques - réponses
mois % Correct
January
96%
April
89%
March
88%
May
88%
February
87%
June
84%
July
82%
August
78%
September
76%
October
73%
November
69%
December
65%
Aucun quiz correspondant
Distribution des résultats
% des personnes avec chaque résultat
Percentile par nombre de réponses
Votre historique - résultats
Vous n’avez pas pris ce quiz